000 00452nam a22001817a 4500
005 20260604130358.0
008 260604b |||||||| |||| 00| 0 eng d
020 _a9788183564632
_c3000.00
040 _aMAIN
041 _aEnglish
082 _a572
_bMAN
100 _a Manju, Yadav
_927018
245 _aComputational Biochemistry
260 _aNew Delhi
_bDiscovery
_c2025
300 _a268
650 _aChemistry (PM USHA)
_926803
942 _cBK
999 _c61010
_d61010